000 004950000a22001450004500
008 230817t ||||| |||| 00| 0 eng d
020 _a9555991979
082 _a361.74
_bCHA
100 _aChase, Robert
245 _aThe Butterfly Garden Batticaloa, Sri Lanka:
_bfinal report of a program development and research project (1998-2000)
260 _a[Ratmalana],
_b[Sarvodaya Vishva Lekha],
_c2000
300 _a85 p.;ill.
650 _aNON GOVERNMENTAL ORGANIZATIONS-Sri Lanka
942 _cRP
999 _c116
_d116